000 00579nam a22002057a 4500
003 OSt
005 20140310182023.0
008 130801t xxu||||| |||| 00| 0 eng d
020 _a9781863116619
050 _aGE 105
_b.So678 2000
082 _aTR 330 So1
_b2000 Wb.C
245 _aSociety and environment /
_bworkbook C.
260 _aAustralia :
_bR.I.C Pub,
_cc2000.
300 _aiii, 100 p. :
_bill. ;
_c29 cm.
650 _aSociety.
_97227
650 _aEnvironment.
_97228
650 _aNational characteristics.
_97229
942 _2lcc
_cBK-TR
999 _c8411
_d8411